000 00643nam a2200193Ia 4500
003 GCL
008 140319s9999 xx 000 0 ara d
040 _aGCL /
_cGCL
082 0 4 _a671.23
_bا ت
100 1 _aاحمد حلمى ذكى
245 1 0 _aتكنولوجيا الخراطة - نظرى وعملى : للمراحل المتقدمة /
_cاحمد حلمى ذكى
260 _a[S.N] :
_bدار الفجر للنشر والتوزيع ،
_c1994
300 _a351 ص
490 _aجامعة بيروت العربية
_v0
650 0 4 _aالتكنولوجيا
650 0 4 _aالالات
650 0 4 _aالخراطة
942 _2ddc
_cBK
999 _c36757
_d36757